Fast Typing- Sentences - Statistics

General Stats
  • This quiz has been taken 1,494 times
  • The average score is 6 of 10
Answer Stats
Hint Answer % Correct
How does one spell the word qwerty How does one spell the word qwerty
98%
Sally has thirty five green apples Sally has thirty five green apples
96%
Lots of people love New York in the winter Lots of people love new york in the winter
89%
Molasses is usually quite thick in January Molasses is usually quite thick in January
75%
Where do lonesome travelers hail from Where do lonesome travelers hail from
67%
Polly wanted a cracker but got a saltine Polly wanted a cracker but got a saltine
53%
JetPunk makes my day go by quicker JetPunk makes my day go by quicker
45%
Killer whales are actually called orcas Killer whales are actually called orcas
31%
Elephants have gigantic floppy ears Elephants have gigantic floppy ears
22%
Does anyone really live on Madagascar Does anyone really live on Madagascar
16%
No matching quizzes found
Score Distribution
Percent of People with Each Score
Percentile by Number Answered
Your Score History
You have not taken this quiz